LEADER 01315nam0-2200301---450- 001 990008603360403321 005 20080620080909.0 035 $a000860336 035 $aFED01000860336 035 $a(Aleph)000860336FED01 035 $a000860336 100 $a20080118d2005----km-y0itay50------ba 101 0 $aita 102 $aIT 105 $ay-------001yy 200 1 $a<>partecipazione equilibrata delle donne e degli uomini al processo decisionale$eprogetto a finanziamento europeo coordinato dal Consiglio Superiore della Magistratura italiano con il partenariato del Ministero della Giustizia italiano, del Ministero della Giustizia francese, del CGPJ spagnolo e della Procura Generale di Romania$eseminario finale (Roma, 13-15 dicembre 2004)$fConsiglio superiore della Magistratura 210 $aRoma$c[s.n.]$d2005$gQuintily 215 $a536 p.$d24 cm 225 1 $aQuaderni del Consiglio Superiore della Magistratura$v145 676 $a346.012$v21$zita 710 02$aItalia.$bConsiglio superiore della magistratura$0237421 801 0$aIT$bUNINA$gRICA$2UNIMARC 901 $aBK 912 $a990008603360403321 952 $aCollezioni 370 bis (145)$b50243*$fFGBC 959 $aFGBC 996 $aPartecipazione equilibrata delle donne e degli uomini al processo decisionale$9712431 997 $aUNINA LEADER 01693oam 2200505 450 001 9910715927903321 005 20210420103136.0 035 $a(CKB)5470000002516818 035 $a(OCoLC)150483850$z(OCoLC)762101468 035 $a(EXLCZ)995470000002516818 100 $a19871030j196811 ua 0 101 0 $aeng 135 $aur||||||||||| 181 $ctxt$2rdacontent 182 $cc$2rdamedia 183 $acr$2rdacarrier 200 10$aMercury cadmium telluride as a 1- to 20-micro-meter wavelength infrared detector for space applications /$fby Richard D. Packard 210 1$aWashington, D.C. :$cNational Aeronautics and Space Administration,$dNovember 1968. 215 $a1 online resource (15 pages) $cillustrations 225 1 $aNASA/TN ;$vD-4904 300 $a"November 1968." 320 $aIncludes bibliographical references (page 15). 606 $aMercury cadmium tellurides$2nasat 606 $aTellurides$2nasat 606 $aArtificial satellites$2fast 606 $aMercury cadmium tellurides$2fast 615 7$aMercury cadmium tellurides. 615 7$aTellurides. 615 7$aArtificial satellites. 615 7$aMercury cadmium tellurides. 700 $aPackard$b Richard D.$01399340 712 02$aUnited States.$bNational Aeronautics and Space Administration, 801 0$bUAU 801 1$bUAU 801 2$bEGM 801 2$bAD# 801 2$bOCLCE 801 2$bOCLCO 801 2$bOCLCF 801 2$bOCLCQ 801 2$bGPO 906 $aBOOK 912 $a9910715927903321 996 $aMercury cadmium telluride as a 1- to 20-micro-meter wavelength infrared detector for space applications$93464374 997 $aUNINA LEADER 00545nam 2200169z- 450 001 9910693883603321 035 $a(CKB)4970000000031517 035 $a(EXLCZ)994970000000031517 100 $a20240129c2004uuuu -u- - 101 0 $aeng 200 00$aFood Stamp Program : steps have been taken to increase participation of working families, but better tracking of efforts is needed 210 $aWashington, D.C 517 $aFood Stamp Program 906 $aDOCUMENT 912 $a9910693883603321 996 $aFood Stamp Program$93426048 997 $aUNINA